Parc de la Serralada de Marina
Descripción Física:
1 fulletó plegat en 8 parts ; il·lustracions color ; 11 x 22 cm
Idioma:
Catalán
MARC
| LEADER | 00000nam a22000007a 4500 | ||
|---|---|---|---|
| 001 | 28468 | ||
| 003 | AGDB | ||
| 005 | 20260324181523.0 | ||
| 008 | 240405b spa||||| |||| 00| 0 cat d | ||
| 017 | |a B 8025-2022 | ||
| 040 | |a agdb |b cat | ||
| 110 | 1 | |a Parc de la Serralada de Marina (Catalunya) |9 10205 | |
| 245 | |a Parc de la Serralada de Marina | ||
| 260 | |a Barcelona : |b Diputació de Barcelona ; |c 2022 | ||
| 300 | |a 1 fulletó plegat en 8 parts ; |b il·lustracions color ; |c 11 x 22 cm | ||
| 500 | |a Conté un mapa del parc, amb informació general. | ||
| 610 | 1 | 0 | |a Parc de la Serralada de Marina (Catalunya) |v Guies |9 52709 |
| 655 | 0 | |a Fulletons |9 55858 | |
| 710 | 1 | |a Barcelona (Catalunya : Província). |b Gerència de Serveis d’Espais Naturals |9 52730 | |
| 710 | 1 | |a Barcelona (Catalunya : Província). |b Àrea d'Infraestructures i Espais Naturals |9 55815 | |
| 856 | 4 | 0 | |u https://llibreria.diba.cat/cat/llibre/parc-de-la-serralada-de-marina_68206 |y Accés lliure (Llibreria de la Diputació de Barcelona) |
| 942 | |c ARXIU |n 1 | ||
| 952 | |0 0 |1 0 |4 0 |6 FU7715 |7 1 |9 96918 |a Arxiu |b Arxiu |d 2024-04-05 |l 0 |o FU-77-15 |p 28468 |r 2024-04-05 00:00:00 |w 2024-04-05 |y ARXIU | ||
| 999 | |c 128764 |d 128764 | ||